Visualizzazione normale
Vista MARC
- Messerini Cafarella V., Ronchi Nuti V., Vignale A.M
di Personal Name
Records bibliografici associati: 1
001 - CONTROL NUMBER
- control field: 59621
003 - CONTROL NUMBER IDENTIFIER
- control field:
005 - DATE AND TIME OF LATEST TRANSACTION
- control field: 20230307124554.0
008 - FIXED-LENGTH DATA ELEMENTS
- fixed length control field: 230307|| aca||aabn | a|a d
040 ## - CATALOGING SOURCE
- Original cataloging agency:
- Transcribing agency:
100 ## - HEADING--PERSONAL NAME
- Personal name: Messerini Cafarella V., Ronchi Nuti V., Vignale A.M
670 ## - SOURCE DATA FOUND
- Source citation: Work cat.: ()213416: De Luca Brunori Irma (et al.) 794, La fecondazione assistita., 1995